| 000 | 00440nam a2200157 a 4500 | ||
|---|---|---|---|
| 005 | 20140412111334.0 | ||
| 008 | 041026s19uu xx 00 eng d | ||
| 050 |
_aM 599.75 _bW435 1999 |
||
| 100 | _aWeinberger, Kimberly | ||
| 245 |
_aCats that roar! / _cKimberly Weinberger. |
||
| 260 |
_aNew York : _bScholastic Inc., _c1999. |
||
| 300 | _a1 v. (unp.) ; ill. | ||
| 650 |
_aCats _xFiction |
||
| 650 | _aChildren stories | ||
| 999 |
_c105010 _d105010 |
||